000
00274nam a22001337a 4500
008
181024b xxu||||| |||| 00| 0 eng d
020
_a
9781337116756
041
_a
eng
080
_a
004
100
_a
30
101
_a
SHK
245
_a
MGMT
_c
EILLIAMS.P
942
_2
udc
_c
BK
999
_c
50774
_d
50774